000 00885nam a2200265Ia 4500
003 OSt
005 20220930074823.0
006 a|||||r|||| 00| 0
007 ta
008 220926b |||||||| |||| 00| 0 eng d
024 _a75688
037 _cTheses
040 _aCRL
_cCRL
_beng
041 _2eng
_aeng
100 _aAditya Kumar
_9534826
110 _aUniversity of Delhi. Faculty of Science. Department of Physics and Astrophysics
_9519374
245 0 _aDispersion theoretic approach to meson-baryon phenomena and electromagnetic corrections to strong interactions
260 _c1965
300 _a88p.
_ap.
_ccm.
650 _aPHYSICS
700 _a Prof. A N Mitra Gu.
_9534827
700 _aUniversity of Delhi. Faculty of Science. Department of Physics and Astrophysics
_9519380
942 _cDIS
_2CC
999 _c867137
_d867137